000 01184nam a22002777a 4500
003 OSt
005 20240213144744.0
007 cr ||||||a|c|a
008 240212s2023 mx ||||fom||| 001 0 spa d
040 _erda
100 1 _9188368
_aMoscoso Mejía, César Eugenio
245 1 0 _aEvaluación de sustratos en el enraizamiento y desarrollo inicial de estacas de higo (Ficus carica L.) /
_cpor César Eugenio Moscoso Mejía; director Samuel Sánchez Domínguez
264 1 _aChapingo, México :
_bEl autor,
_c2023
300 _a1 recurso en línea (52 páginas) :
_bCuadros, figuras
336 _2rdacontent
_atexto
_btxt
337 _2rdamedia
_acomputadora
_bc
338 _2rdacarrier
_arecurso en línea
_bcr
502 _bIAEF
_cFitotecnia
_d2023
_gLIC
504 _aIncluye referencias bibliográficas: páginas 35-37
650 4 _9130274
_aHigo
_xCrecimiento
650 4 _955349
_aHigo
_xPropagación
650 4 _9188692
_aSustratos
_xEfecto en higo
700 1 _9158308
_aSánchez Domínguez, Samuel
_eDirector de tesis
856 _uhttp://10.13.5.2/tesis/tl/1611681-6_MOSCOSO_MEJIA_CESAREUGENIO.pdf
_zDESCARGAR PDF
942 _2Clasificación Universidad Autónoma Chapingo
_cTD
999 _c219666
_d219666